France and England in North America

Saved in:
Bibliographic Details
Main Author: Parkman, Francis
Format: Book
Language:Undetermined
Published: New York, NY The Library of America 1983
Subjects:
Tags: Add Tag
No Tags, Be the first to tag this record!
Institutions: Trung tâm Học liệu Trường Đại học Cần Thơ
LEADER 00591nam a2200217Ia 4500
001 CTU_125542
008 210402s9999 xx 000 0 und d
020 |c 36 
082 |a 971.01 
082 |b P249/Vol.2 
100 |a Parkman, Francis 
245 0 |a France and England in North America 
245 0 |c Francis Parkman ; Edited by David Levin 
260 |a New York, NY 
260 |b The Library of America 
260 |c 1983 
650 |a Canada 
650 |x History 
650 |y To 1763 ( New France ) 
904 |i Minh 
980 |a Trung tâm Học liệu Trường Đại học Cần Thơ